Countries of the World in Alphabetical Order (with hints) - Statistics

General Stats
  • This quiz has been taken 64 times
  • The average score is 130 of 196
Answer Stats
Hint Answer % Correct
Af Afghanistan
100%
Al Algeria
100%
An Andorra
96%
Au Australia
96%
Az Azerbaijan
96%
Bh Bhutan
96%
Al Albania
92%
Au Austria
92%
Cz Czech Republic
92%
Dj Djibouti
92%
El El Salvador
92%
Er Eritrea
92%
Es Estonia
92%
Fr France
92%
Gh Ghana
92%
Ho Honduras
92%
Ic Iceland
92%
In India
92%
In Indonesia
92%
Is Israel
92%
Jo Jordan
92%
Ka Kazakhstan
92%
Br Brunei
88%
Cr Croatia
88%
Ec Ecuador
88%
Eg Egypt
88%
Eq Equatorial Guinea
88%
Fi Fiji
88%
Ga Gambia
88%
Gr Grenada
88%
Ha Haiti
88%
Hu Hungary
88%
Ir Iran
88%
Ir Iraq
88%
Ky Kyrgyzstan
88%
La Latvia
88%
An Angola
85%
Ar Armenia
85%
Ba Bahamas
85%
Bo Bolivia
85%
Bu Burundi
85%
Cy Cyprus
85%
De Denmark
85%
Do Dominica
85%
Fi Finland
85%
Ge Germany
85%
Ir Ireland
85%
It Italy
85%
Ja Japan
85%
Ar Argentina
81%
Ba Bahrain
81%
Be Benin
81%
Br Brazil
81%
Ca Cambodia
81%
Ca Cameroon
81%
Ca Canada
81%
Gu Guyana
81%
Ke Kenya
81%
Le Lebanon
81%
An Antigua and Barbuda
77%
Ba Barbados
77%
Be Belize
77%
Ch Chad
77%
Cu Cuba
77%
Do Dominican Republic
77%
Ea East Timor
77%
Et Ethiopia
77%
Gr Greece
77%
Ki Kiribati
77%
Ku Kuwait
77%
La Laos
77%
Li Lithuania
77%
My Myanmar
77%
Om Oman
77%
Qa Qatar
77%
Ch Chile
73%
Co Colombia
73%
Co Comoros
73%
Ga Gabon
73%
Gu Guatemala
73%
Ja Jamaica
73%
Ro Romania
73%
Rw Rwanda
73%
Ch China
69%
Gu Guinea
69%
Gu Guinea-Bissau
69%
Ko Kosovo
69%
Li Liberia
69%
Lu Luxembourg
69%
Pa Palau
69%
Ba Bangladesh
65%
Be Belgium
65%
Bo Botswana
65%
Bu Bulgaria
65%
Ca Cape Verde
65%
Li Libya
65%
Li Liechtenstein
65%
Ma Malta
65%
Na Namibia
65%
Pa Panama
65%
Sw Swaziland
65%
Be Belarus
62%
Co Costa Rica
62%
Ma Mauritania
62%
Ni Niger
62%
Ni Nigeria
62%
No Norway
62%
Ph Philippines
62%
Po Poland
62%
Ru Russia
62%
Sw Switzerland
62%
Ur Uruguay
62%
Va Vanuatu
62%
Ye Yemen
62%
Za Zambia
62%
Zi Zimbabwe
62%
Bu Burkina Faso
58%
Ge Georgia
58%
Le Lesotho
58%
Ma Madagascar
58%
Ma Mauritius
58%
Na Nauru
58%
Ni Nicaragua
58%
Pa Pakistan
58%
Sp Spain
58%
Th Thailand
58%
To Togo
58%
Ug Uganda
58%
Uk Ukraine
58%
Un United Arab Emirates
58%
Un United Kingdom
58%
Un United States
58%
Uz Uzbekistan
58%
Ve Venezuela
58%
Vi Vietnam
58%
Ce Central African Republic
54%
Co D.R. Congo
54%
Ma Macedonia
54%
Me Mexico
54%
No North Korea
54%
Pa Paraguay
54%
Pe Peru
54%
Po Portugal
54%
Sa Saint Kitts and Nevis
54%
Sa Saint Lucia
54%
Sa Saint Vincent and the Grenadines
54%
Sl Slovakia
54%
Sl Slovenia
54%
Su Suriname
54%
Sw Sweden
54%
Tr Trinidad and Tobago
54%
Tu Turkey
54%
Va Vatican City
54%
Bo Bosnia and Herzegovina
50%
Ma Malaysia
50%
Ma Maldives
50%
Ma Mali
50%
Mo Morocco
50%
Ne Nepal
50%
Co Republic of the Congo
50%
Sr Sri Lanka
50%
Sy Syria
50%
To Tonga
50%
Tu Turkmenistan
50%
Tu Tuvalu
50%
Ma Malawi
46%
Mo Moldova
46%
Mo Mozambique
46%
Ne Netherlands
46%
So South Africa
46%
So South Korea
46%
So South Sudan
46%
Co Cote d'Ivoire
42%
Sa San Marino
42%
Se Seychelles
42%
So Solomon Islands
42%
Su Sudan
42%
Ta Tajikistan
42%
Mo Mongolia
38%
Mo Montenegro
38%
Ne New Zealand
38%
Sa Samoa
38%
Ta Tanzania
38%
Tu Tunisia
38%
Mi Federated States of Micronesia
35%
Ma Marshall Islands
35%
Mo Monaco
35%
Se Senegal
35%
Ta Taiwan
35%
Pa Papua New Guinea
31%
Se Serbia
31%
So Somalia
31%
Sa Sao Tome and Principe
27%
Sa Saudi Arabia
27%
Si Singapore
27%
Si Sierra Leone
23%
No matching quizzes found
Score Distribution
Percent of People with Each Score
Percentile by Number Answered
Your Score History
You have not taken this quiz